Statistics for U.S. States with the Highest Death Rate

Click here to take the quiz!

General Stats

  • This quiz has been taken 19 times
  • The average score is 7 of 10

Answer Stats

%State% Correct
1.08Mississippi
87%
1.09Alabama
80%
1.28West Virginia
80%
1.08Arkansas
73%
1.08Kentucky
67%
1.03Oklahoma
67%
1.04Tennessee
67%
1.06Ohio
60%
1.10Maine
53%
1.06Pennsylvania
33%

Score Distribution

Percentile by Number Answered

Percent of People with Each Score

Your Score History

You have not taken this quiz